Microbiología Médica / (Registro nro. 2811)
[ vista simple ]
| 000 -LEADER | |
|---|---|
| fixed length control field | 00946nam a2200277 a 4500 |
| 005 - FECHA ULTIMA MODIFICACION | |
| control field | 20240802115229.0 |
| 008 - CAMPO DE CONTROL (LIBRO) | |
| fixed length control field | 100708t2017 sp a f |||| 001 0 spa d |
| 020 ## - INTERNATIONAL STANDARD BOOK NUMBER | |
| ISBN | 9788491130765 |
| 041 ## - CODIGO DE IDIOMA | |
| Código de idioma del texto/pista de sonido o título separado | spa |
| 092 ## - SIGNATURA TOPOGRAFICA DEWEY LOCAL | |
| número de clasificación | 616.01 |
| libristica | 54 |
| sección | MUR |
| 100 1# - ENTRADA PRINCIPAL--NOMBRE PERSONAL | |
| Nombre personal | Murray, Patrick R. |
| 9 (RLIN) | 717 |
| 245 ## - TITULO PROPIAMENTE DICHO | |
| Título | Microbiología Médica / |
| Mención de responsabilidad y remanente de la transcripción de la portada | Patrick R. Murray. |
| 250 ## - MENCION DE EDICION | |
| Mención de edición | 8a ed. |
| Mención de responsabilidad relacionada con la ed. | Revisión Alberto Delgado-Iribarren García-Campos |
| 260 ## - PIE DE IMPRENTA | |
| Lugar de publicación, distribución, etc | Barcelona: |
| Nombre de la editorial, distribuidor, etc | Elsevier; |
| Fecha de publicación | 2017. |
| 300 ## - DESCRIPCION FISICA | |
| Extension | 836 p. |
| Otros detalles físicos | il. |
| 500 ## - NOTA GENERAL | |
| Nota general | Murray, P. R., Rosenthal, K. S. y Pfaller, M. A. (2017). Microbiología Médica. (8a ed.). Barcelona : Elsevier. |
| 653 ## - TÉRMINO INDIZADO - PALABRAS CLAVES | |
| Palabra clave | Principios generales del diagnóstico de laboratorio |
| 653 ## - TÉRMINO INDIZADO - PALABRAS CLAVES | |
| Palabra clave | Conceptos básicos de respuesta inmunitaria |
| 653 ## - TÉRMINO INDIZADO - PALABRAS CLAVES | |
| Palabra clave | Bacteriología |
| 653 ## - TÉRMINO INDIZADO - PALABRAS CLAVES | |
| Palabra clave | Virología |
| 653 ## - TÉRMINO INDIZADO - PALABRAS CLAVES | |
| Palabra clave | Micología |
| 653 ## - TÉRMINO INDIZADO - PALABRAS CLAVES | |
| Palabra clave | Parasitología |
| 700 1# - ENTRADAS SECUNDARIAS - NOMBRE PERSONAL | |
| Nombre personal | Rosenthal, Ken S. |
| 9 (RLIN) | 718 |
| 700 1# - ENTRADAS SECUNDARIAS - NOMBRE PERSONAL | |
| Nombre personal | Pfaller, Michael A. |
| 9 (RLIN) | 719 |
| 942 ## - ADDED ENTRY ELEMENTS (KOHA) | |
| Source of classification or shelving scheme | Dewey Decimal Classification |
| Item type | Libros |
| Estado de retiro | Existencia | Fuente de clasificación | Estado general | No para prestamo | Colección | Ubicación permanente | ubicación actual | Sala de ubicación | Fecha de adquisición | Fuente de adquisición | Total Checkouts | Total Renewals | Número de clasificación | Código de barras | Date last seen | Date last borrowed | Número de ejemplar | Price effective from | Koha tipo de elemento (item) | Public note | Coded location qualifier | Costo, precio normal de compra |
|---|---|---|---|---|---|---|---|---|---|---|---|---|---|---|---|---|---|---|---|---|---|---|
| Dewey Decimal Classification | Reference | Biblioteca Medicina | Biblioteca Medicina | Referencia | 13/06/2018 | Reemplazo de ejemplar dañado por Torri Josefina, 13 de Junio 2018 | 30 | 4 | 616.01 54 MUR | 3675 | 10/03/2025 | 19/12/2024 | Ej. 17 | 13/06/2018 | Reference | LIBRO DE CONSULTA. Sede Tordos. Reemplazo de ejemplar dañado por Torri Josefina, 13 de Junio 2018 | ||||||
| Dewey Decimal Classification | Non-fiction | Biblioteca Medicina | Biblioteca Medicina | Circulación | 07/08/2019 | UNComahue | 85 | 12 | 616.01 54 MUR | 4546 | 04/05/2026 | 24/04/2026 | Ej. 18 | 07/08/2019 | Libros | Compra UNComahue julio/19 | 3700.00 | |||||
| Dewey Decimal Classification | Non-fiction | Biblioteca Medicina | Biblioteca Medicina | Circulación | 07/08/2019 | UNComahue | 81 | 22 | 616.01 54 MUR | 4547 | 26/05/2026 | 22/05/2026 | Ej. 19 | 07/08/2019 | Libros | Compra UNComahue julio/19. Sede Tordos. | 3700.00 | |||||
| Dewey Decimal Classification | Non-fiction | Biblioteca Medicina | Biblioteca Medicina | Circulación | 07/08/2019 | UNComahue | 70 | 15 | 616.01 54 MUR | 4548 | 28/05/2026 | 19/05/2026 | Ej. 20 | 07/08/2019 | Libros | Compra UNComahue julio/19. Sede Tordos. | 3700.00 |